|
|
|
|
| LEADER |
00000nab a2200000 4500 |
| 001 |
vtls011866536 |
| 003 |
SK-MaSNL |
| 005 |
20260318132633.0 |
| 008 |
190517|20190517xo |||| || ||00 0|hun |
| 015 |
|
|
|a SNBRB2019/05
|
| 038 |
|
|
|a DSZK
|
| 040 |
|
|
|a DSZK
|b slo
|c DSZK
|e rda
|
| 041 |
|
|
|a hun
|
| 043 |
|
|
|a e-xo---
|
| 044 |
|
|
|a xo
|c SK
|
| 072 |
|
7 |
|a 796
|x Šport. Hry. Telesné cvičenia
|2 konspekt
|
| 080 |
|
|
|a 796.332.093.42(437.6)
|2 2011
|
| 100 |
1 |
|
|a Ágh, István
|4 aut
|9 547544
|
| 245 |
1 |
0 |
|a Három perc alatt három találat
|c Ágh István
|
| 336 |
|
|
|a text
|b txt
|2 rdacontent
|
| 337 |
|
|
|a bez média
|b n
|2 rdamedia
|
| 338 |
|
|
|a zväzok
|b nc
|2 rdacarrier
|
| 610 |
2 |
7 |
|a FKM Nové Zámky
|2 dszk
|9 1192888
|
| 610 |
2 |
7 |
|a OFC Russel Gabčíkovo
|2 dszk
|9 1192790
|
| 650 |
0 |
7 |
|a futbalové zápasy
|2 SNKPH
|9 71116
|
| 651 |
|
7 |
|a Nové Zámky (Slovensko)
|2 SNKPHgeo
|9 15884
|
| 651 |
|
7 |
|a Gabčíkovo (Slovensko)
|2 SNKPHgeo
|9 23512
|
| 773 |
0 |
|
|t Új szó
|g Évf. 72, sz. 113 (2019.5.17), o. 17
|x 1335-7050
|
| 958 |
|
|
|a SK
|
| 958 |
|
|
|a HU
|
| 958 |
|
|
|a RG
|
| 999 |
|
|
|c 2074841
|d 2076771
|